Determinace rizikových faktorů při tvorbě akciových výnosů v střední Evropě
Úvod do tématiky rozvíjajúcich sa trhov (emerging markets), porovnanie miery rizika a výnosov vyspelých a rozvíjajúcich sa trhov. Analýza a determinácia rizikových faktorov pri tvorbe výnosov s použitím príkladov Poľska, Maďarska a Česka.
Salvato in:
| Autore principale: | |
|---|---|
| Natura: | Capitolo di libro |
| Lingua: | ceco |
| Soggetti: | |
| Tags: |
Nessun Tag, puoi essere il primo ad aggiungerne!!
|
MARC
| LEADER | 00000naa$a2200000$$$4500 | ||
|---|---|---|---|
| 001 | 0056039 | ||
| 005 | 20231116103704.9 | ||
| 041 | 0 | |a cze | |
| 044 | |a CZ | ||
| 245 | 1 | 0 | |a Determinace rizikových faktorů při tvorbě akciových výnosů v střední Evropě |c The Hung Nguyen |
| 520 | |a Úvod do tématiky rozvíjajúcich sa trhov (emerging markets), porovnanie miery rizika a výnosov vyspelých a rozvíjajúcich sa trhov. Analýza a determinácia rizikových faktorov pri tvorbe výnosov s použitím príkladov Poľska, Maďarska a Česka. | ||
| 610 | 2 | 0 | |a analýza trhu |
| 610 | 2 | 0 | |a trh |
| 610 | 2 | 0 | |a výnosy |
| 610 | 2 | 0 | |a riziko trhové |
| 610 | 2 | 0 | |a korelácia |
| 610 | 2 | 0 | |a krajiny tranzitívne |
| 610 | 2 | 0 | |a krajiny rozvojové |
| 610 | 2 | 0 | |a Česko |
| 610 | 2 | 0 | |a Maďarsko |
| 610 | 2 | 0 | |a Poľsko |
| 100 | 1 | |a Nguyen, The Hung | |